| 000 | 00846nam a22002057a 4500 | ||
|---|---|---|---|
| 005 | 20180228114110.0 | ||
| 010 | _aB-689622 | ||
| 020 |
_a9780670088911 _c599.00 |
||
| 035 | _aB-689622 | ||
| 037 |
_bAakar _adpl |
||
| 082 | _a954.0317 | ||
| 100 | _aZahir Dehlvi | ||
| 245 |
_aDastan-e-ghadar: _cby Zahir Dehlvi translated from Urdu by Rana Safvi _bthe tale of the munity/ |
||
| 260 |
_aGargaon _bPenguin Random House _c2017 |
||
| 270 |
_a7th Floor, Infinity Tower, DLF Cyber city, _bGargaon, Haryana _e122002 |
||
| 300 |
_axvii,327p. _c20cm(hb) |
||
| 500 | _aIncludes bibliographical references and index | ||
| 942 |
_2ddc _cEN _mZAH _h954.0317 |
||
| 999 |
_c150207 _d150207 |
||